000 00730cab a2200241 4500
001 WB3222-29
008 090401t1996 xxu||||| |||| 00| 0 eng d
035 _a(Sirsi) u20854
041 _aeng
245 _aSpeedier building insurance payouts
260 _c1996
350 _a0
490 _aTimes
_v1 June 1996, 31(1)
520 _aNew technology designed by the Meteorological Office is to be used by insurance companies to distinguish between genuine and fraudulent weather-related insurance claims.
650 _aBUILDINGS INSURANCE
650 _aFRAUD
650 _aINSURANCE CLAIMS
650 _aMETEOROLOGICAL OFFICE
650 _aWEATHER
690 _aInsurance
_96249
942 _n0
948 _c04/03/1997
999 _c13979
_d13979